000 01523nam a2200349 i 4500
001 12799
003 ES-MaACL
005 20230906150414.0
007 t|
008 900405s1988 sp ||||0| spa j ..|
015 _a1990-MAR-4679
016 7 _zSAB9000077774
020 _a84-00-06888-2
040 _aM-BN-DP
_bspa
_cM-BN-DP
080 _a262.45(872.62/.66)"18"
080 _a27(87)"18"(093)
245 0 0 _aSínodos de Mérida y Maracaibo de 1817, 1819 y 1822 /
_cHilarión José Rafael Lasso de la Vega ; introducción y edición crítica por Fernando Campo del Pozo.
260 _aMadrid :
_bCentro de Estudios Históricos del Consejo Superior de Investigaciones Científicas,
_c1988.
300 _a291 p. ;
_c25 cm.
490 1 _aColección Tierra nueva e cielo nuevo ;
_v26.
_aSínodos americanos ;
_v7
650 4 _aConcilios y sínodos-
_zVenezuela.
_911245
651 4 _aVenezuela-
_xHistoria eclesiástica-
_yS.XIX-
_vFuentes.
_99523
700 1 _aLasso de la Vega, Hilarión José Rafael.
_970473
700 1 _aCampo del Pozo, Fernando.
_934210
710 2 _aCentro de Estudios Históricos (1985-1999)
_92639
710 1 _aMérida de Maracaibo (Diócesis).
_bSínodo (1817)
_95686
710 1 _aMérida de Maracaibo (Diócesis).
_bSínodo (1819)
_95687
710 1 _aMérida de Maracaibo (Diócesis).
_bSínodo (1822)
_95688
830 0 _aColección Tierra nueva e cielo nuevo ;
_v26.
_aSínodos americanos ;
_v7
_9179373
852 _aES-MaACL
_jL-19983
_bR.117112
999 _c12799
_d12799